00576 2200205 4500001002100000005001500021035002000036007000300056008004100059020001500100082000800115084001400123100001700137245010200154250001000256260003700266300003200303650002500335990001000360INLIS00000000001128920220510085606 a0010-0522000005ta220510 g 0 ind  a9797572986 a423 a423 RAT k0 aRATNA,Monica1 aKamus Bahasa Inggris bergambar untuk anak disusun berdasarkan pengelompokkan tema /cMonica ratna acet.1 aJakarta; :bKawan Pustaka,c2008 avi,58 hlm :b.ilus ;c28 cm 4aKamus Bahasa Inggris a470 b